Ternuras de María, obrita en que se manifiestan los motivos de la confianza que debemos tener en la Ssma. Virgen, ...

Detalles Bibliográficos
Autor principal: SOTOMAYOR, Francisco
Formato: Libro
Publicado: Zacatecas 1870
Materias:
Colección:Banco de datos
Acervo:Biblioteca del Ex Convento de Nuestra Señora de Guadalupe. Zacatecas
Tema general:Mariología
Notas:Buena. XIV,11,33 (5069). Ex libris de Antonio Elías
LEADER 00777nam a22001930004500
035 |a 43637 
036 |a 4821 
100 1 |a SOTOMAYOR, Francisco 
245 1 0 |a Ternuras de María, obrita en que se manifiestan los motivos de la confianza que debemos tener en la Ssma. Virgen, ... 
260 |a Zacatecas  |b Imprenta Económica de Esparza  |c 1870 
500 |a Buena. XIV,11,33 (5069). Ex libris de Antonio Elías 
650 1 0 |a Mariología 
949 |a CRZ-CG 
959 |a Ex convento de Nuestra Señora de Guadalupe, Museo Regional de Zacatecas, Zacatecas  |b CCC4 
960 |a Convento de Nuestra Señora de Guadalupe, Zacatecas  |b DD87 
961 |a Franciscana  |b OF 
942 |c CRZ-CG 
943 |g Biblioteca del Ex Convento de Nuestra Señora de Guadalupe. Zacatecas 
999 |c 967764  |d 967764